| 000 | 00682nam a2200229 i 4500 | ||
|---|---|---|---|
| 001 | 57124 | ||
| 003 | ES-MaACL | ||
| 005 | 20250709220330.0 | ||
| 007 | t| | ||
| 008 | 031015s1978 sp ||||1| spa d | ||
| 080 | _a821.111-14"15" | ||
| 100 | 1 |
_aDonne, John. _945325 |
|
| 245 | 1 | 0 |
_aPoesía erótica / _cJohn Donne ; introducción, versión y notas de Luis Carlos Benito Cardenal. |
| 250 | _a1ª ed. | ||
| 260 |
_aBarcelona : _bBarral, _c1978. |
||
| 300 |
_a285 p. ; _c20 cm. |
||
| 490 | 1 |
_aInsulas poetarum ; _v12 |
|
| 700 | 1 |
_aBenito Cardenal, Luis Carlos. _927669 |
|
| 830 | 1 |
_aInsulae poetarum _v12 _9226634 |
|
| 852 | 4 |
_aES-MaACL _jL-70483 |
|
| 999 |
_c57124 _d57124 |
||